00518nam a2200193Ia 450000500170000000800410001702000180005804100120007608200160008810000220010424500540012625000120018026000360019230000210022865000200024965000210026965000220029065000120031220260429111846.0260429s9999||||xx |||||||||||||| ||und|| a9789384726188 aEnglish a539.72bJAI aJain, Vimal Kumar 0aNuclear and particle physics / cVimal Kumar Jain a1st ed. aNew Delhi : bAne Books,c2025. axiii, 356 p.; hb a Atomic physics a Nuclear physics a Particle physics aPhysics